1387 1108 1203 1139 1535 1829 1412 1475 1091 1403 1185 1799 1885 1834 1892 1040 1821 1508 1264 1522 1059 1969 1879 1170 1920 1408 1314 1601 1789 1340 1181 1961 1528 1027 1115 1592 1900 1647 1003 1749 1390 1028 1363 1905 1063 1833 1625 1247 1261 1946 1825 1551 1097 1503 1014 1024 1408 1109 1682 1924 1258 1990 1549 1035 1513 1186 1518 1061 1934 1716 1817 1352 1794 1996 1475 1220 1676 1616 1447 1034 1633 1297 1957 1766 1924 1839 1221 1965 1653 1490 1880 1862 1921 1781 1128 1328 1035 1912 1986 BCNSPRNW ULIB Ver.6.0+V

เปลี่ยนเป็นภาษาไทย

Change to English
 แสดงรายละเอียดบรรณานุกรม
  กลับหน้าหลัก

Brief Record : Get Marc (ISO 2709) : E-mail record : QR code < ปิดหน้าต่าง
LEADER : 00000nam 2200000uu 4500
001    13399120254
003     ULIB
008    120917s2551||||th 000 0 tha d
020    ^a9789747512922
060 04 ^aQU90^bส284อ 2551
100 0  ^aสมศักดิ์ วรคามิน
245 10 ^aOmega-3 :^bamazing fish oil /^cสมศักดิ์ วรคามิน
246 24 ^aมหัศจรรย์น้ำมันปลา
250    ^aพิมพ์ครั้งที่ 1
260    ^aกรุงเทพฯ :^b[ม.ป.พ.],^c2551
300    ^a442 หน้า :^bภาพประกอบ ;^c21 ซม
504    ^aบรรณานุกรม
650  7 ^aน้ำมันปลา
650  7 ^aอาหารเสริม
945    ^p580^l0^i14515
995    ^aกัณชพร
999 ^a ใช้งานได้ทุกระบบ
รายการนี้ยังไม่มีแท็ก
คุณยังไม่ได้ล็อกอิน คุณสามารถมีกิจกรรมร่วมกับเว็บไซต์ได้ แต่ต้องล็อกอินก่อน ::
  ล็อกอิน

รายการสื่อสารสนเทศ

ลำดับที่ ประเภท เลขเรียก/บาร์โค้ด สถานที่ สถานะ
1. วิทยาศาสตร์การแพทย์ และสุขภาพ
วิทยาศาสตร์การแพทย์ และสุขภาพ
QU90 ส284อ 2551  
  Barcode: 14515
ห้องสมุดวิทยาเขตสวรรค์ประชารักษ์
►ส่วนจัดเก็บหนังสือเก่า สปร
บนชั้น
  ขอยืม

รายการใกล้เคียง
    ผู้แต่ง [สมศักดิ์ วรคามิน]

    หัวเรื่อง [น้ำมันปลา]
    หัวเรื่อง [อาหารเสริม]

BibComment


ยังไม่เคยถูกคอมเมนท์

คอมเมนท์ทรัพยากรรายการนี้
  คอมเมนท์: Omega3 amazing ..


 Copyright 2026. Bcnsprnw @Library